000 00465nam a2200169Ia 4500
008 151018s9999 xx 000 0 und d
082 _bRBASDV57347
_a891.463
100 _aसंजय ढोले
245 _aअश्वजीव
260 _bक्ष
_c2010
300 _a212
600 _aसंजय ढोले
630 _aअश्वजीव
700 _aसंजय ढोले
730 _aअश्वजीव
942 _cBOOK
999 _c1052730
_d1052727